000 00319 a2200157 4500
001 182102
020 _a978-85-294-0364-9
040 _cMagnum
100 _aAzevedo, Aluísio
240 1 0 _aO cortiço
_lpor
245 1 0 _aO cortiço
300 _a224
362 0 _a2009
697 _aLITERATURA GERAL
942 _cBK
999 _c182102
_d182102